[Event "Komsomolsky"]
[Site "Komsomolsky"]
[Date "2009.05.15"]
[Round "4"]
[White "Musalov, Ruslan"]
[Black "Pivovartsev, Stanislav"]
[Result "1-0"]
[WhiteElo "2411"]
[BlackElo "2208"]
[PlyCount "83"]
[EventDate "2009.05.15"]
[EventType "tourn"]
[EventRounds "9"]
[EventCountry "RUS"]
[SourceTitle "EXT 2022"]
[Source "ChessBase"]
[SourceDate "2021.10.06"]
[SourceVersion "1"]
[SourceVersionDate "2021.10.06"]
[SourceQuality "1"]

1. e4 c5 2. d4 cxd4 3. c3 Nf6 4. e5 Nd5 5. Nf3 Nc6 6. cxd4 d6 7. Bc4 Nb6 8. Bb5 dxe5 9. Nxe5 Bd7 10. Nxd7 Qxd7 11. Nc3 e6 12. Qg4 h5 13. Qg3 h4 14. Qg4 a6 15. Bxc6 bxc6 16. h3 e5 17. dxe5 Qxg4 18. hxg4 Nd7 19. Bf4 Nc5 20. 0-0-0 Be7 21. Be3 Ne6 22. f4 Rd8 23. Rxd8+ Kxd8 24. Ne4 Nc7 25. Bb6 Kc8 26. Bxc7 Kxc7 27. Kc2 f6 28. exf6 gxf6 29. f5 Kd7 30. Rh3 Ke8 31. g3 Rg8 32. Rxh4 Kf7 33. Rh7+ Kf8 34. g5 fxg5 35. f6 Bd8 36. Rd7 Bb6 37. Rb7 Bd8 38. f7 Rh8 39. Kd3 Rh7 40. Rb8 Rxf7 41. Rxd8+ Ke7 42. Ra8 1-0

[Event "Komsomolsky"]
[Site "Komsomolsky"]
[Date "2009.05.15"]
[Round "1"]
[White "Pivovartsev, Stanislav"]
[Black "Hudyakov, Sergey"]
[Result "0-1"]
[WhiteElo "2208"]
[BlackElo "2234"]
[PlyCount "60"]
[EventDate "2009.05.15"]
[EventType "tourn"]
[EventRounds "9"]
[EventCountry "RUS"]
[SourceTitle "EXT 2022"]
[Source "ChessBase"]
[SourceDate "2021.10.06"]
[SourceVersion "1"]
[SourceVersionDate "2021.10.06"]
[SourceQuality "1"]

1. e4 e6 2. d4 d5 3. e5 c5 4. c3 Qb6 5. Nf3 Nc6 6. Bd3 cxd4 7. cxd4 Bd7 8. 0-0 Nxd4 9. Nxd4 Qxd4 10. Nc3 a6 11. Qe2 Qb6 12. Kh1 Ne7 13. f4 g6 14. Be3 Qd8 15. Qf2 b5 16. f5 gxf5 17. Bg5 Bc6 18. a4 b4 19. Ne2 Rg8 20. Bxe7 Bxe7 21. Nd4 Bb7 22. Bxf5 exf5 23. Nxf5 Qd7 24. Nh6 Rg7 25. Nf5 Rg6 26. Rac1 d4 27. Ng3 Bg5 28. Rc4 Be3 29. Qe1 Bxg2+ 30. Kxg2 Qd5+ 0-1

[Event "Gorodovikovsk Bashanta Spring"]
[Site "Gorodovikovsk"]
[Date "2009.04.20"]
[Round "11"]
[White "Pivovartsev, Stanislav"]
[Black "Lukyanchenko, Anatoly"]
[Result "1-0"]
[WhiteElo "2208"]
[BlackElo "1740"]
[PlyCount "83"]
[EventDate "2009.04.20"]
[EventType "tourn"]
[EventRounds "11"]
[EventCountry "RUS"]
[SourceTitle "EXT 2022"]
[Source "ChessBase"]
[SourceDate "2021.10.06"]
[SourceVersion "1"]
[SourceVersionDate "2021.10.06"]
[SourceQuality "1"]

1. e4 e5 2. Nc3 Nf6 3. Nf3 Nc6 4. d4 exd4 5. Nxd4 Bb4 6. Nxc6 bxc6 7. Bd3 Bxc3+ 8. bxc3 d6 9. Bg5 h6 10. Bh4 g5 11. Bg3 Be6 12. 0-0 Nd7 13. Qe2 Ne5 14. Bxe5 dxe5 15. Bc4 Qe7 16. Bb3 a5 17. Qe3 a4 18. Bxe6 Qxe6 19. Qc5 Qd6 20. Qc4 Qe6 21. Qc5 Qd6 22. Qe3 0-0 23. h4 Qg6 24. hxg5 hxg5 25. Rad1 Rfd8 26. Rd3 f6 27. Rfd1 Qe8 28. Qd2 Rxd3 29. cxd3 Rb8 30. d4 exd4 31. Qxd4 Qe5 32. Qc4+ Kg7 33. Rd7+ Kh6 34. Qd3 Kg6 35. g3 Re8 36. Rd4 Qb5 37. c4 Qb2 38. e5+ f5 39. Qe3 Qb1+ 40. Kg2 g4 41. Qe2 a3 42. e6 1-0